Salud (i) Ciencia (Registro nro. 1301)

Detalles MARC
000 -LEADER
fixed length control field 00849nas a22001817a 4500
008 - CAMPO DE CONTROL RECURSOS CONTINUADOS
fixed length control field 130405t20019999ag ||||| |||| 00| 0 spa d
022 ## - INTERNATIONAL STANDARD SERIAL NUMBER
International Standard Serial Number 1667-8982
245 ## - TITULO
Titulo Salud (i) Ciencia
260 ## - PUBLICACION, DISTRIBUCION, ETC. (PIE DE IMPRENTA)
Lugar de publicación, distribución, etc Buenos Aires,
Nombre de la editorial, distribuidor, etc. Sociedad Iberoamericana de Informacion Cientifica:
Fecha de publicación 2001
300 ## - DESCRIPCION FISICA
Extensión v. :
310 ## - FRECUENCIA ACTUAL DE LA PUBLICACION
Frecuencia actual de la publicación bimestral
546 ## - NOTA DE IDIOMA
Nota de lenguaje español
590 ## - NOTAS LOCALES (RLIN)
Nota local Indizada en: EMBASE, Elsevier Bibliograhic Databases, Science Citation Index Expanded, LILACS, Latindex, Ullrich's Periodical Directory, SIIC Data Bases<br/>Año 2001 al 2009 BAJA EN DEPOSITO
590 ## - NOTAS LOCALES (RLIN)
Nota local Existencias: 2001 911(1,3); 2005 13(2,4); 2006 14(15) 15(1); 2007 15(3,7); 2008 15(8) 16(1-4); 2009 16(6,7) 17(2,3); 2010 17(4-8) 18(1); 2012 18(8) 19(1,2,4,5)<br/>Año 2001 al 2009 BAJA EN DEPOSITO
650 ## - MATERIA-TERMINO TEMATICO
Término temático MEDICINA INTERNA
9 (RLIN) 1738
856 ## - LOCALIZACION ELECTRONICA Y ACCESO
Identificador Uniforme de Recurso (URI) <a href="http://www.siicsalud.com">http://www.siicsalud.com</a>
942 ## - ADDED ENTRY ELEMENTS (KOHA)
Source of classification or shelving scheme Dewey Decimal Classification
Item type Continuing Resources

No hay ítems disponibles.


UNIVERSIDAD NACIONAL DEL COMAHUE
Biblioteca de la Facultad de Ciencias Médicas
Sede Toschi: Los Arrayanes y Av. Toschi, Cipolletti  - Rio Negro
Sede Los Tordos:  Yrigoyen al 2211, Cipolletti - Rio Negro 

Teléfono: 0299 - 4774707 int 25
Contacto: biblioteca@facimed.uncoma.edu.ar
© 2011 - 2026